Professional English for civil engineering /

Hlavní autor: Horká, Hana
Korporativní autor: České vysoké učení technické v Praze. Stavební fakulta
Další autoři: Giormani, Sandra, Martincová, Petra, 1977-, Opatrná, Renáta, 1954-
Jazyk: Angličtina
Vydáno: V Praze : České vysoké učení technické, 2016
Vydání: 1. vydání
Témata:
Fyzický popis: 195 stran : ilustrace ; 26 cm
Knihy
Uloženo v:
LEADER 02271nam a2200565 i 4500
001 nkc20162830284
003 CZ PrNK
005 20170810191713.0
007 ta
008 160831s2016 xr a e p 000 0 eng
015 |a cnb002830284 
020 |a 978-80-01-05995-1  |q (brožováno) 
035 |a (OCoLC)960190736 
040 |a BOA001  |b cze  |e rda 
072 7 |a 811.111  |x Angličtina  |2 Konspekt  |9 11 
072 7 |a 37.016  |x Učební osnovy. Vyučovací předměty. Učebnice  |2 Konspekt  |9 22 
080 |a 811.111  |2 MRF 
080 |a 624  |2 MRF 
080 |a 81'373.46  |2 MRF 
080 |a (075.8)  |2 MRF 
100 1 |a Horká, Hana  |7 ntka172616  |4 aut 
245 1 0 |a Professional English for civil engineering /  |c Hana Horká, Sandra Giormani, Petra Martincová, Renáta Nivenová 
250 |a 1. vydání 
264 1 |a V Praze :  |b České vysoké učení technické,  |c 2016 
300 |a 195 stran :  |b ilustrace ;  |c 26 cm 
336 |a text  |b txt  |2 rdacontent 
337 |a bez média  |b n  |2 rdamedia 
338 |a svazek  |b nc  |2 rdacarrier 
500 |a Na obálce nad názvem: České vysoké učení technické v Praze, Fakulta stavební 
500 |a 1000 výtisků 
504 |a Obsahuje bibliografii a bibliografické odkazy 
650 0 7 |a angličtina  |7 ph114056  |2 czenas 
650 0 7 |a stavební inženýrství  |7 ph317225  |2 czenas 
650 0 7 |a oborová terminologie  |7 ph138998  |2 czenas 
650 0 9 |a English language  |2 eczenas 
650 0 9 |a civil engineers  |2 eczenas 
650 0 9 |a terminology (professional)  |2 eczenas 
655 7 |a učebnice vysokých škol  |7 fd133772  |2 czenas 
655 9 |a textbooks (higher)  |2 eczenas 
700 1 |a Giormani, Sandra  |7 hka2017939695  |4 aut 
700 1 |a Martincová, Petra,  |d 1977-  |7 mzk2016925485  |4 aut 
700 1 |a Opatrná, Renáta,  |d 1954-  |7 ola2004253816  |4 aut 
710 2 |a České vysoké učení technické v Praze.  |b Stavební fakulta  |7 kn20010710181  |4 isb 
910 2 |a BOA001  |b 3-1371.854 
928 9 |a Česká technika - nakladatelství ČVUT 
990 |a BK 
995 |a 01 
991 |b 201609  |c NOV 
996 6 |b 2610680407  |c 3-1371.854  |l MZK  |r Sklad / do 1 hodiny  |n 1  |p p.v.  |w 001576475  |u 000010  |a 1  |e BOA001  |j MZK50  |s P 
996 7 |b 2610686814  |c 3-1371.854  |l Vol.výběr  |r VV 1p  |n 11  |p kup  |h 811.111 HOR  |w 001576475  |u 000020  |a 0  |e BOA001  |j MZK50  |s A